000 00696nam a2200205 a 4500
001 BRCA_1949
005 20190320203618.0
008 880919s1989 sp-#---##d---#000-0#spa-d
020 _a8423959198
040 _aDLC
_cDLC
_dDLC
050 4 _aPC4591
_b.G67 1989
245 1 0 _aGran diccionario de sinónimos y antónimos.
250 _a3
260 _aMadrid
_bEspasa-Calpe
_c1989
300 _a1319 p.
_c26 cm.
500 _aIncluye equivalencias e ideas afines. Americanismos, regionalismos y localismos. Extranjerismos, neologismos y tecnicismos. Argot, dialectalismos y jergas populares
650 1 4 _aEspañol
_vDiccionarios
_xSinónimos y antónimos
_95986
902 _aREF
942 _2lcc
_cB
999 _c1719
_d1719